The Mahabharata : (Record no. 61878)

MARC details
000 -LEADER
fixed length control field 02280nam a22003137a 4500
005 - DATE AND TIME OF LATEST TRANSACTION
control field 20120203111810.0
010 ## - LCCN (DPL NO)
LC control number B-452548-555
020 ## - INTERNATIONAL STANDARD BOOK NUMBER
International Standard Book Number 8125028463
Terms of availability 1125.00
020 ## - INTERNATIONAL STANDARD BOOK NUMBER
International Standard Book Number 9788125028468
Terms of availability 1125.00
035 ## - SYSTEM CONTROL NUMBER
System control number B-452548-555
037 ## - SOURCE OF ACQUISITION
Source of stock number/acquisition Virtuous Pub./Ven
082 ## - DEWEY DECIMAL CLASSIFICATION NUMBER
Classification number 230.2
100 ## - MAIN ENTRY--PERSONAL NAME
Personal name Chaturvedi,Badrinath
245 ## - TITLE STATEMENT
Title The Mahabharata :
Remainder of title an inquiry in the human condition /
Statement of responsibility, etc by Badrinath Chaturvedi
260 ## - PUBLICATION, DISTRIBUTION, ETC. (IMPRINT)
Place of publication, distribution, etc New Delhi
Name of publisher, distributor, etc Orient Longman
Date of publication, distribution, etc 2006
270 ## - ADDRESS
Address 1/24 Asaf Ali Road,
City New Delhi
Postal code 110002
300 ## - PHYSICAL DESCRIPTION
Extent xi,683p,
Dimensions 25cm(Hb)
500 ## - GENERAL NOTE
General note Includes index
942 ## - ADDED ENTRY ELEMENTS (KOHA)
Source of classification or shelving scheme Dewey Decimal Classification
Item type English Books
Call number suffix CHA
Classification part 230.2
Holdings
Withdrawn status Lost status Not for loan Collection code Home library Current library Date acquired Source of acquisition Cost, normal purchase price Full call number Barcode Copy number Cost, replacement price Koha item type
    Not For Loan Reference Central Library Central Library 15/02/2012 Virtuous Pub/686/14.10.2011/05/15.09.2011/29.11.2011 1125.00 230.2 CHA B-452548 1 1125.00 English Books
    Not For Loan Reference Janak Puri Janak Puri 15/02/2012 Virtuous Pub/686/14.10.2011/05/15.09.2011/29.11.2011 1125.00 230.2 CHA B-452550 1 1125.00 English Books
    Not For Loan Reference Karol Bagh Karol Bagh 15/02/2012 Virtuous Pub/686/14.10.2011/05/15.09.2011/29.11.2011 1125.00 230.2 CHA B-452553 1 1125.00 English Books
    Not For Loan Reference Narela Narela 15/02/2012 Virtuous Pub/686/14.10.2011/05/15.09.2011/29.11.2011 1125.00 230.2 CHA B-452554 1 1125.00 English Books
      Reference Patel Nagar Patel Nagar 15/02/2012 Virtuous Pub/686/14.10.2011/05/15.09.2011/29.11.2011 1125.00 230.2 CHA B-452549 1 1125.00 English Books
    Not For Loan Reference Sarojini Nagar Sarojini Nagar 15/02/2012 Virtuous Pub/686/14.10.2011/05/15.09.2011/29.11.2011 1125.00 230.2 CHA B-452551 1 1125.00 English Books
      Reference Shahdara Branch Shahdara Branch 15/02/2012 Virtuous Pub/686/14.10.2011/05/15.09.2011/29.11.2011 1125.00 230.2 CHA B-452555 1 1125.00 English Books
    Not For Loan Reference Vinoba Puri Vinoba Puri 15/02/2012 Virtuous Pub/686/14.10.2011/05/15.09.2011/29.11.2011 1125.00 230.2 CHA B-452552 1 1125.00 English Books

© Delhi Public Library
Hit Counter
free hit counter